LEADER 01973nam 2200433 n 450 001 996390699603316 005 20221108024907.0 035 $a(CKB)4940000000100924 035 $a(EEBO)2240861540 035 $a(UnM)99836024 035 $a(EXLCZ)994940000000100924 100 $a19900822d1630 uy | 101 0 $aeng 135 $aurbn||||a|bb| 200 12$aA silver watch-bell$b[electronic resource] $eThe sound whereof is able (by the grace of God) to winne the most profane worldling, & carelesse liuer (if there bee but the least sparke of grace remayning in him) to become a true Christian indeed; that in the end he may obtaine euer-lasting saluation. Whereunto is adioyned a treatise of the holy sacrament of the Lords supper, in part augmented. By Thomas Tymme 205 $aThe sixteenth impression. 210 $aLondon $cPrinted for Thomas Knight, dwelling in Paules Church-yard, at the signe of the Holy Lambe$d1630 215 $a[16], 288 p 300 $aOn signature Q3r begins: The court of conscience. Wherein euery sinner may examine and trie himselfe, whether he be fitly prepared to receiue the blessed sacrament of the Lords supper .. 300 $aAnother edition of STC 24421, first published in 1605. 300 $aTitle on A2. 300 $aPages 161-62 torn; some print faded and show-through; some pages stained. 300 $aReproduction of the original in the Bodleian Library. 330 $aeebo-0014 606 $aChristian life$vEarly works to 1800 606 $aLord's Supper$vPrayer-books and devotions$vEarly works to 1800 606 $aLord's Supper$vEarly works to 1800 615 0$aChristian life 615 0$aLord's Supper 615 0$aLord's Supper 700 $aTymme$b Thomas$fd. 1620.$0845471 801 0$bCu-RivES 801 1$bCu-RivES 801 2$bCStRLIN 801 2$bWaOLN 906 $aBOOK 912 $a996390699603316 996 $aA silver watch-bell$91887141 997 $aUNISA LEADER 01563nas 2200421- 450 001 9910839299803321 005 20241204161358.0 035 $a(OCoLC)1233068521 035 $a(CKB)4930000000040014 035 $a(CONSER)--2024225213 035 $a(DE-599)ZDB2912170-X 035 $a(EXLCZ)994930000000040014 100 $a20171122a20089999 --- - 101 0 $abos 135 $aur||||||||||| 181 $ctxt$2rdacontent 182 $cc$2rdamedia 183 $acr$2rdacarrier 200 00$aBa?tina sjeveroisto?ne Bosne $e?asopis za ba?tinu, kulturno-historijsko i prirodno nasliješe 210 31$aTuzla :$cJU Zavod za za?titu i kori?tenje kulturno-historijskog i prirodnog naslije?a Tuzlanskog kantona,$d2010- 215 $a1 online resource 300 $aGesehen am 25.05.2018 311 08$a1986-6895 517 1 $aNortheast Bosnia's heritage :$eHeritage magazine, culture-historical and natural heritage 517 1 $aHeritage of Northeast Bosnia :$ecultural, historical and natural heritage magazine 531 0 $aBa?t. sjeveroisto?ne Bosne 607 $aBosnia and Herzegovina$xCivilization$vPeriodicals 607 $aBosnia and Herzegovina$xHistory$vPeriodicals 607 $aBosnia and Herzegovina$xSocial life and customs$vPeriodicals 676 $a300 676 $a390 676 $a940 686 $aOST$qDE-12$2fid 712 02$aZavod za za?titu i kori?tenje kulturno-historijskog i prirodnog nasliješa TK, 906 $aJOURNAL 912 $a9910839299803321 996 $aBa?tina$92086060 997 $aUNINA